| 000 | 00715cam a2200241 4500 | ||
|---|---|---|---|
| 008 | 090401t1994 xxu||||| |||| 00| 0 eng d | ||
| 020 | _a0952008041 | ||
| 035 | _a(Sirsi) u39708 | ||
| 041 | _aeng | ||
| 050 | _a712.3 | ||
| 110 |
_aCathedral Communications Limited _93087 |
||
| 245 | 4 | _aThe care and conservation of historic garden landscapes. | |
| 260 |
_aTisbury, Wilts. _bCathedral Communications Limited _c1994 |
||
| 300 | _a36p. : ill. ; 30cm. | ||
| 350 | _a5.95 | ||
| 490 |
_aBuilding Conservation Directory Special Report _v2 |
||
| 650 | _aHISTORIC GARDENS | ||
| 650 | _aHISTORIC LANDSCAPES | ||
| 690 | _aCONSERVATION | ||
| 700 |
_aTaylor, Jonathan _xEditor |
||
| 942 | _n0 | ||
| 948 | _c04/03/1997 | ||
| 999 |
_c90833 _d90833 |
||